| 000 | 00740nam a2200217 a 4500 | ||
|---|---|---|---|
| 001 | 56385 | ||
| 003 | BD-RjUL | ||
| 005 | 20211209080405.0 | ||
| 008 | 161129s1954 bg ||||| |||| 00| 0 ben d | ||
| 035 | _a(BD-RjUL)56509 | ||
| 040 |
_aBD-RjUL _bben _cBD-RjUL |
||
| 041 | _aben | ||
| 082 |
_223 _a891.443 _bDEH 1954 |
||
| 100 |
_aদেবী, অনুরূপা _9136174 |
||
| 245 | 1 | 0 |
_aহারানো খাতা / _cঅনুরূপা দেবী |
| 260 |
_aকলিকাতা : _bগুরুদাস, _c১৯৫৪ [১৩৬০] |
||
| 300 |
_a১৯৩ পৃ. ; _c১৭ সেমি . |
||
| 650 |
_aবাংলা উপন্যাস _9167732 |
||
| 650 |
_aBengali Fictions _9167733 |
||
| 942 |
_2ddc _cBK |
||
| 999 |
_c56385 _d56385 |
||